[Event "World Junior U20 Girls 2018"]
[Site "Gebze"]
[Date "2018.09.10"]
[Round "6"]
[White "Aubert, Laurane"]
[Black "Malatsilava, Volha"]
[Result "1/2-1/2"]
[WhiteElo "1970"]
[BlackElo "2040"]
[Annotator "NA"]
[PlyCount "95"]
[EventDate "2018.09.05"]
[EventType "swiss"]
[EventCountry "TUR"]
[SourceTitle "playchess.com"]
[Source "ChessBase"]
[SourceQuality "1"]
[TimeControl "40/5400+30:1800+30"]

1. e4 {[%emt 0:00:30]} c5 {[%emt 0:00:30]} 2. Nf3 {[%emt 0:00:30]} e6 {[%emt 0:00:30]} 3. d4 {[%emt 0:00:00]} cxd4 {[%emt 0:00:30]} 4. Nxd4 {[%emt 0:00:00]} Nc6 {[%emt 0:00:30]} 5. Nc3 {[%emt 0:00:00]} Qc7 {[%emt 0:00:00]} 6. Be3 {[%emt 0:00:00]} Nf6 {[%emt 0:00:00]} 7. Bd3 {[%emt 0:00:00]} a6 {[%emt 0:00:00]} 8. O-O {[%emt 0:00:00]} Bd6 {[%emt 0:00:00]} 9. h3 {[%emt 0:00:30]} O-O {[%emt 0:00:30]} 10. Nb3 {[%emt 0:18:30] B48: Sicilian: Taimanov: 5 Nc3 Qc7 6 Be3 a6 without Be2} (10. Nde2 b5 11. f4 Be7 12. e5 Ne8 13. Ng3 g6 14. a4 bxa4 15. Nxa4 Rb8 16. c3 d6 17. exd6 Nxd6 {0-1 (37) Shabalov,A (2556)-Iturrizaga Bonelli,E (2663) Medellin 2017}) 10... Bf4 {[%emt 0:06:30]} 11. Bxf4 $146 {[%emt 0:04:30]} ({Predecessor:} 11. Qd2 Bxe3 12. Qxe3 b5 13. f4 d6 14. a4 b4 15. Ne2 Bb7 16. a5 Rfe8 17. Ng3 Rad8 {½-½ (41) Laznicka,V (2164)-Efler,D (2173) Czechia 2001}) 11... Qxf4 {[%emt 0:00:30]} 12. Ne2 {[%emt 0:03:30]} Qc7 {[%emt 0:00:30]} 13. f4 {[%emt 0:00:30]} d6 {[%emt 0:01:30]} 14. Qe1 {[%emt 0:02:30]} e5 {[%emt 0:04:30]} 15. f5 {[%emt 0:07:30]} Qb6+ {[%emt 0:19:30]} 16. Kh1 {[%emt 0:00:30]} d5 {[%emt 0:03:30]} (16... Nb4 $15) 17. exd5 {[%emt 0:11:30]} Nb4 {[%emt 0:00:30]} 18. Nc3 {[%emt 0:05:30]} Nxd3 {[%emt 0:04:30]} 19. cxd3 {[%emt 0:00:30]} Re8 {[%emt 0:04:30]} 20. Qh4 {[%emt 0:05:30]} Qd6 {[%emt 0:02:30]} 21. Ne4 {[%emt 0:07:30]} Qxd5 $2 {[%emt 0:00:30]} (21... Qd8 $16 {ist zäher.}) 22. Nxf6+ {[%emt 0:00:30]} gxf6 {[%emt 0:00:30]} 23. Qxf6 {[%emt 0:00:30]} Qd8 {[%emt 0:00:30]} 24. Qh6 {[%emt 0:01:30]} f6 {[%emt 0:00:30]} 25. Rf3 {[%emt 0:00:30]} Qe7 {[%emt 0:01:30]} 26. Rg3+ {[%emt 0:00:30]} Kh8 {[%emt 0:00:00]} 27. Rf1 {[%emt 0:04:30]} b6 {[%emt 0:02:00]} 28. Nd2 {[%emt 0:03:30]} Bb7 {[%emt 0:00:30]} 29. Ne4 {[%emt 0:03:53]} Bxe4 {[%emt 0:00:30]} 30. dxe4 {[%emt 0:00:07]} Rad8 {[%emt 0:03:30]} 31. Rc1 {[%emt 0:01:41]} Rd6 {[%emt 0:01:30]} 32. Rgc3 {[%emt 0:00:53]} Qg7 {[%emt 0:19:30]} 33. Rc8 {[%emt 0:07:17]} Red8 {[%emt 0:09:40]} 34. Rxd8+ {[%emt 0:06:09]} Rxd8 {[%emt 0:00:06]} 35. Qxg7+ {[%emt 0:00:18]} Kxg7 {[%emt 0:00:30]} 36. Rc7+ {[%emt 0:00:00]} Kh6 {[%emt 0:00:00]} 37. Rc6 {[%emt 0:00:46]} Kg5 {[%emt 0:00:01]} 38. Rxb6 {[%emt 0:02:19]} a5 {[%emt 0:01:36]} 39. Rb5 {[%emt 0:03:49]} Rd2 {[%emt 0:00:42]} 40. Kh2 {[%emt 0:00:00]} Kf4 {[%emt 0:00:00]} 41. Rxa5 {[%emt 0:10:18]} Rxb2 {[%emt 0:08:55]} 42. Ra4 $11 {[%emt 0:05:41]} (42. Ra6 $16) 42... h5 {[%emt 0:00:30]} 43. Kg1 {[%emt 0:12:15]} h4 {[%emt 0:09:30]} 44. Kf1 {[%emt 0:00:58]} Ke3 {[%emt 0:01:30]} 45. Kg1 {[%emt 0:00:54]} Kf4 {[%emt 0:03:30]} 46. Kf1 {[%emt 0:02:21]} Ke3 {[%emt 0:00:30]} 47. Kg1 {[%emt 0:00:07]} Kf4 {[%emt 0:00:30]} 48. Kf1 {[%emt 0:00:42]} 1/2-1/2

[Event "World Junior U20 Girls 2018"]
[Site "Gebze"]
[Date "2018.09.10"]
[Round "6"]
[White "Meenal Gupta"]
[Black "Kanakova, Natalie"]
[Result "1-0"]
[WhiteElo "1963"]
[BlackElo "2201"]
[Annotator "NA"]
[PlyCount "87"]
[EventDate "2018.09.05"]
[EventType "swiss"]
[EventCountry "TUR"]
[SourceTitle "playchess.com"]
[Source "ChessBase"]
[SourceQuality "1"]
[TimeControl "40/5400+30:1800+30"]

1. e4 {[%emt 0:00:30]} e5 {[%emt 0:00:30]} 2. Nf3 {[%emt 0:00:30]} Nc6 {[%emt 0:00:30]} 3. Bb5 {[%emt 0:00:30]} a6 {[%emt 0:00:00]} 4. Ba4 {[%emt 0:00:00]} Nf6 {[%emt 0:00:00]} 5. O-O {[%emt 0:00:00]} Be7 {[%emt 0:00:30]} 6. Re1 {[%emt 0:00:00]} b5 {[%emt 0:00:30]} 7. Bb3 {[%emt 0:00:00]} d6 {[%emt 0:00:00]} 8. c3 {[%emt 0:00:00]} O-O {[%emt 0:00:00]} 9. h3 {[%emt 0:01:00]} Na5 {[%emt 0:00:30]} 10. Bc2 {[%emt 0:00:30]} c5 {[%emt 0:00:00]} 11. d4 {[%emt 0:00:30]} Nd7 {[%emt 0:00:00]} 12. a4 {[%emt 0:11:30]} Bb7 {[%emt 0:01:30] C96: Closed Ruy Lopez: Chigorin Defence: 11 d4, replies other than 11...Qc7} (12... b4 13. Nbd2 Rb8 14. Nf1 b3 15. Bd3 exd4 16. cxd4 c4 17. Be2 c3 18. Ng3 Nf6 19. Bd3 Nc6 20. d5 {0-1 (37) Quesada Perez,Y (2627)-Caruana,F (2811) chess.com INT 2018}) 13. d5 {[%emt 0:00:30] [#]} g6 $146 {[%emt 0:08:30]} ({Predecessor:} 13... b4 14. b3 bxc3 15. Nxc3 Rb8 16. Bd2 Bc8 17. Nb1 g6 18. Bh6 Re8 19. Na3 Rb4 20. Bd2 {½-½ (48) Shankland,S (2666)-Xiong,J (2674) Saint Louis 2017}) 14. Bh6 {[%emt 0:13:30]} Re8 {[%emt 0:00:30]} 15. axb5 {[%emt 0:04:30]} axb5 {[%emt 0:00:30]} 16. b3 {[%emt 0:00:00]} Bf8 {[%emt 0:08:30]} 17. Be3 {[%emt 0:03:00]} Bg7 {[%emt 0:03:30]} (17... c4 $14) 18. Nbd2 {[%emt 0:04:30]} Rf8 {[%emt 0:05:30]} 19. Nf1 {[%emt 0:13:30]} (19. Qe2 $16) 19... Rb8 {[%emt 0:27:30]} 20. g4 {[%emt 0:03:30]} Ba8 {[%emt 0:06:30]} 21. Qe2 {[%emt 0:04:30]} h6 {[%emt 0:09:30]} 22. Ng3 {[%emt 0:00:30]} Qc7 {[%emt 0:00:30]} 23. Kh2 {[%emt 0:00:30]} Kh7 {[%emt 0:02:30]} 24. Ra2 $16 {[%emt 0:04:30]} c4 {[%emt 0:09:08]} 25. b4 {[%emt 0:00:30]} Nb3 {[%emt 0:00:15]} 26. Rb1 {[%emt 0:02:30]} Nb6 {[%emt 0:01:27]} 27. Bxb6 {[%emt 0:01:30]} Qxb6 {[%emt 0:00:22]} 28. Bxb3 {[%emt 0:00:30]} cxb3 {[%emt 0:00:33]} 29. Rxb3 {[%emt 0:00:00]} f5 {[%emt 0:02:49]} 30. gxf5 {[%emt 0:06:00]} gxf5 {[%emt 0:00:05]} 31. Nh4 {[%emt 0:00:30]} fxe4 {[%emt 0:03:29]} 32. Qxe4+ {[%emt 0:00:30]} Kg8 {[%emt 0:00:00]} 33. Ngf5 {[%emt 0:02:30]} Rf7 {[%emt 0:04:52]} 34. c4 {[%emt 0:02:30]} Qd8 {[%emt 0:02:41]} 35. Rg3 {[%emt 0:01:30]} Kf8 {[%emt 0:00:42]} 36. Nxg7 {[%emt 0:03:04]} Rxg7 {[%emt 0:00:04]} 37. Qf5+ {[%emt 0:00:00]} Kg8 {[%emt 0:01:22]} 38. Qe6+ {[%emt 0:00:19]} Kh7 {[%emt 0:00:15]} 39. Rxg7+ {[%emt 0:01:33]} Kxg7 {[%emt 0:00:01]} 40. Nf5+ {[%emt 0:00:00]} Kf8 {[%emt 0:00:00]} 41. Qxh6+ {[%emt 0:01:04]} Ke8 {[%emt 0:01:55]} 42. Nxd6+ {[%emt 0:02:30]} Kd7 {[%emt 0:00:30]} 43. Qe6+ {[%emt 0:00:30]} Kc7 {[%emt 0:00:00]} 44. Ra7+ {[%emt 0:00:30]} 1-0

[Event "World Junior U20 Girls 2018"]
[Site "Gebze"]
[Date "2018.09.10"]
[Round "6"]
[White "Heydarova, Aytaj"]
[Black "Aydin, Gulenay"]
[Result "1/2-1/2"]
[WhiteElo "1948"]
[BlackElo "1882"]
[Annotator "NA"]
[PlyCount "106"]
[EventDate "2018.09.05"]
[EventType "swiss"]
[EventCountry "TUR"]
[SourceTitle "playchess.com"]
[Source "ChessBase"]
[SourceQuality "1"]
[TimeControl "40/5400+30:1800+30"]

1. Nf3 {[%emt 0:00:30]} Nf6 {[%emt 0:00:30]} 2. g3 {[%emt 0:00:30]} g6 {[%emt 0:00:00]} 3. Bg2 {[%emt 0:00:00]} Bg7 {[%emt 0:00:00]} 4. O-O {[%emt 0:00:00]} O-O {[%emt 0:00:00]} 5. c4 {[%emt 0:00:00]} d6 {[%emt 0:01:00]} 6. Nc3 {[%emt 0:00:00]} c6 {[%emt 0:01:30]} 7. d4 {[%emt 0:01:30]} Qa5 {[%emt 0:01:30]} 8. Qc2 {[%emt 0:20:30]} Qh5 {[%emt 0:06:30]} 9. e4 {[%emt 0:17:30] E62: King's Indian: Fianchetto: 6...c6 and Panno Variation (6...Nc6) without ...a6} e5 {[%emt 0:11:30]} (9... Bh3 10. Re1 Ng4 11. Bh1 Nd7 12. Qd2 e5 13. d5 {½-½ (13) Socko,B (2617)-Strikovic,A (2528) Lisbon 2014}) 10. dxe5 {[%emt 0:01:30]} dxe5 {[%emt 0:00:30]} 11. b3 $146 {[%emt 0:04:30]} ({Predecessor:} 11. b4 Re8 12. Rb1 Nbd7 13. c5 Nf8 14. Nd2 Bh3 15. Nc4 Ne6 16. f3 Nd7 17. Bxh3 Qxh3 {0-1 (46) Ristic,M (2169)-Drenchev,P (2480) Skopje 2015}) 11... Na6 {[%emt 0:09:30]} 12. Ba3 {[%emt 0:09:30]} Re8 {[%emt 0:02:30]} 13. Rad1 {[%emt 0:08:30]} Bg4 {[%emt 0:05:30]} 14. Rd3 {[%emt 0:04:30]} Nd7 {[%emt 0:08:30]} 15. b4 {[%emt 0:07:30]} Nf8 {[%emt 0:08:30]} 16. b5 {[%emt 0:05:07]} Nc7 {[%emt 0:01:30]} 17. Nh4 {[%emt 0:03:47]} Bf6 {[%emt 0:07:30]} 18. Nf3 {[%emt 0:08:46]} (18. h3 $16 Be6 19. bxc6 bxc6 20. Bc1) 18... Nfe6 {[%emt 0:06:30]} 19. bxc6 {[%emt 0:04:02]} bxc6 {[%emt 0:02:30]} 20. Re1 {[%emt 0:00:48]} Rad8 {[%emt 0:03:30]} 21. Rxd8 {[%emt 0:00:44]} Rxd8 {[%emt 0:00:30]} 22. Nd2 {[%emt 0:00:38]} Nd4 {[%emt 0:02:17]} 23. Qb2 {[%emt 0:00:25]} Bg5 {[%emt 0:01:31]} 24. Ncb1 {[%emt 0:00:12]} Nce6 {[%emt 0:02:14]} 25. Bb4 {[%emt 0:00:55]} Rb8 {[%emt 0:02:32]} 26. Qc3 {[%emt 0:00:14]} c5 {[%emt 0:03:43]} 27. Ba3 {[%emt 0:00:20]} Bxd2 {[%emt 0:06:25]} 28. Nxd2 {[%emt 0:00:35]} Ne2+ {[%emt 0:00:57]} 29. Rxe2 {[%emt 0:00:03]} Bxe2 {[%emt 0:00:00]} 30. Qe3 {[%emt 0:00:46]} Rc8 {[%emt 0:02:09]} 31. f4 {[%emt 0:00:47]} Bd1 {[%emt 0:01:39]} 32. Bb2 {[%emt 0:00:28]} Nd4 {[%emt 0:00:56]} 33. fxe5 {[%emt 0:00:38]} Qxe5 {[%emt 0:00:42]} 34. Kf2 {[%emt 0:00:36]} Rb8 {[%emt 0:01:42]} 35. Bc3 {[%emt 0:00:14]} Qd6 {[%emt 0:00:26]} 36. e5 {[%emt 0:00:15]} Qd7 {[%emt 0:00:25]} 37. Bd5 {[%emt 0:01:02]} Qf5+ {[%emt 0:00:47]} 38. Kg2 {[%emt 0:00:24]} Ne2 {[%emt 0:00:31]} 39. e6 {[%emt 0:00:32]} Nxc3 {[%emt 0:00:29]} 40. exf7+ {[%emt 0:00:00]} Kg7 {[%emt 0:00:00]} 41. Qxc3+ {[%emt 0:00:42]} Qf6 {[%emt 0:05:35]} 42. Qxf6+ {[%emt 0:05:30]} Kxf6 {[%emt 0:00:30]} 43. Ne4+ {[%emt 0:00:00]} Ke7 {[%emt 0:01:30]} 44. Nxc5 {[%emt 0:03:00]} Bg4 {[%emt 0:00:30]} 45. Kf2 {[%emt 0:02:30]} Rc8 {[%emt 0:03:30]} 46. Ne4 {[%emt 0:01:30] [#]} Be6 $17 {[%emt 0:04:36]} 47. Ke3 {[%emt 0:06:39]} Rd8 {[%emt 0:03:36]} 48. Bxe6 {[%emt 0:02:55]} Kxe6 {[%emt 0:00:30]} 49. Ng5+ {[%emt 0:00:00]} Ke7 {[%emt 0:00:24]} 50. Nxh7 {[%emt 0:00:15]} Kxf7 {[%emt 0:00:30]} 51. Ng5+ {[%emt 0:00:16]} Ke7 {[%emt 0:03:36]} 52. Ke4 {[%emt 0:00:49]} Rd2 {[%emt 0:07:43]} 53. h4 {[%emt 0:00:30]} Rd8 {[%emt 0:00:41]} 1/2-1/2

[Event "World Junior U20 Girls 2018"]
[Site "Gebze"]
[Date "2018.09.10"]
[Round "6"]
[White "Kocyigit, Buse Naz"]
[Black "Kamalidenova, Meruert"]
[Result "1/2-1/2"]
[WhiteElo "1944"]
[BlackElo "2011"]
[Annotator "NA"]
[PlyCount "106"]
[EventDate "2018.09.05"]
[EventType "swiss"]
[EventCountry "TUR"]
[SourceTitle "playchess.com"]
[Source "ChessBase"]
[SourceQuality "1"]
[TimeControl "40/5400+30:1800+30"]

1. d4 {[%emt 0:00:30]} Nf6 {[%emt 0:00:30]} 2. Nf3 {[%emt 0:00:30]} g6 {[%emt 0:00:30]} 3. c4 {[%emt 0:00:30]} Bg7 {[%emt 0:00:30]} 4. Nc3 {[%emt 0:00:00]} O-O {[%emt 0:00:00]} 5. e4 {[%emt 0:00:00]} d6 {[%emt 0:00:00]} 6. h3 {[%emt 0:00:00]} c5 {[%emt 0:02:30]} 7. Be3 {[%emt 0:01:00]} Qa5 {[%emt 0:04:30]} 8. Qd2 {[%emt 0:00:30]} Nc6 {[%emt 0:04:30] E90: King's Indian: Classical: Early deviations and 6 h3} 9. O-O-O {[%emt 0:07:30]} (9. d5 Nd4 10. Rd1 Nxf3+ 11. gxf3 Nh5 12. Bh6 f5 13. Bxg7 Kxg7 14. Rg1 fxe4 15. fxe4 Nf4 16. Rg3 {1-0 (38) Parligras,M (2616)-Parvanyan,A (2374) Germany 2017}) 9... a6 $146 {[%emt 0:03:30]} ({Predecessor:} 9... cxd4 10. Nxd4 Nxd4 11. Bxd4 Be6 12. Kb1 Rfc8 13. b3 Qc7 {0-1 (21) Wijesurija,G (2191)-Narayanan,K (2007) Chennai 2004}) 10. Bh6 {[%emt 0:16:30]} (10. d5 $5 {[%cal Rd5c6]} Nb8 11. Bh6 $14) 10... Rb8 {[%emt 0:09:30]} (10... Bxh6 $15 11. Qxh6 Nxd4) 11. Bxg7 {[%emt 0:00:30]} Kxg7 {[%emt 0:00:30]} 12. d5 {[%emt 0:11:30]} Na7 {[%emt 0:01:30]} 13. g4 {[%emt 0:11:30]} b5 {[%emt 0:04:30]} 14. g5 {[%emt 0:00:30]} Nd7 {[%emt 0:01:30]} 15. Qf4 {[%emt 0:46:30]} Nf6 {[%emt 0:04:30]} 16. Qd2 {[%emt 0:00:30]} Nd7 {[%emt 0:00:30]} 17. Qf4 {[%emt 0:00:30]} b4 {[%emt 0:00:30]} 18. Nb1 {[%emt 0:00:00]} Qxa2 {[%emt 0:04:30]} 19. h4 {[%emt 0:00:00]} Nb6 {[%emt 0:02:30]} 20. h5 {[%emt 0:00:00]} Nxc4 {[%emt 0:03:30]} 21. Bxc4 {[%emt 0:00:00]} Qxc4+ {[%emt 0:00:30]} 22. Kd2 {[%emt 0:00:00]} Bd7 $19 {[%emt 0:06:30]} 23. Rh4 {[%emt 0:00:00]} Bb5 {[%emt 0:20:30]} 24. hxg6 {[%emt 0:02:22]} fxg6 {[%emt 0:04:30]} 25. Qe3 {[%emt 0:00:59]} Ba4 {[%emt 0:01:17]} 26. Rc1 {[%emt 0:00:26]} Qb3 {[%emt 0:01:37]} 27. Qxb3 {[%emt 0:00:19]} Bxb3 {[%emt 0:00:03]} 28. Ke3 {[%emt 0:00:07]} Nc8 {[%emt 0:01:05]} 29. Rch1 {[%emt 0:00:30]} Rh8 {[%emt 0:00:00]} 30. Nbd2 {[%emt 0:00:23]} Ba4 {[%emt 0:00:07]} 31. b3 {[%emt 0:00:00]} Bb5 {[%emt 0:00:00]} 32. Rh6 {[%emt 0:00:02]} Nb6 {[%emt 0:01:25]} 33. Nh4 {[%emt 0:01:10]} Be8 {[%emt 0:02:59]} 34. f4 {[%emt 0:00:53]} Nd7 {[%emt 0:00:16]} 35. Nc4 {[%emt 0:00:41]} Bf7 {[%emt 0:00:52]} 36. f5 {[%emt 0:00:54]} Ne5 {[%emt 0:06:20]} 37. Nxe5 {[%emt 0:00:40]} dxe5 {[%emt 0:00:05]} 38. Kd3 {[%emt 0:00:31]} Rb6 {[%emt 0:02:58]} 39. Kc4 {[%emt 0:00:30]} Rc8 {[%emt 0:00:24]} 40. Nf3 {[%emt 0:00:20]} Bg8 {[%emt 0:01:40]} 41. Nxe5 {[%emt 0:30:20]} Rd6 {[%emt 0:30:56]} 42. fxg6 {[%emt 0:00:00]} hxg6 {[%emt 0:00:00]} 43. Ra1 {[%emt 0:00:00]} Rf8 {[%emt 0:00:00]} 44. Kxc5 {[%emt 0:00:00]} Rf4 {[%emt 0:00:00]} 45. Nc4 {[%emt 0:00:00]} Rd8 {[%emt 0:00:00]} 46. Rxa6 {[%emt 0:00:00]} Rxe4 {[%emt 0:00:00]} 47. Raxg6+ {[%emt 0:00:00]} Kf8 {[%emt 0:00:00]} 48. Kxb4 {[%emt 0:00:00]} Rb8+ {[%emt 0:00:00]} 49. Kc3 {[%emt 0:00:00]} Rxb3+ {[%emt 0:00:54]} 50. Kxb3 {[%emt 0:00:00]} Bxd5 {[%emt 0:00:04]} 51. Rb6 {[%emt 0:00:00]} Rxc4 {[%emt 0:01:51]} 52. Kb2 {[%emt 0:00:00]} Bg8 {[%emt 0:01:05]} 53. Rh3 {[%emt 0:02:15]} Rg4 {[%emt 0:01:27]} 1/2-1/2

[Event "World Junior U20 Girls 2018"]
[Site "Gebze"]
[Date "2018.09.10"]
[Round "6"]
[White "Hereklioglu, Sude"]
[Black "Urh, Zala"]
[Result "0-1"]
[WhiteElo "1930"]
[BlackElo "2128"]
[Annotator "NA"]
[PlyCount "52"]
[EventDate "2018.09.05"]
[EventType "swiss"]
[EventCountry "TUR"]
[SourceTitle "playchess.com"]
[Source "ChessBase"]
[SourceQuality "1"]
[TimeControl "40/5400+30:1800+30"]

1. d4 {[%emt 0:00:30]} Nf6 {[%emt 0:03:30]} 2. Nf3 {[%emt 0:00:30]} d5 {[%emt 0:00:00]} 3. c3 {[%emt 0:00:30]} e6 {[%emt 0:02:00]} 4. Bg5 {[%emt 0:00:30]} Be7 {[%emt 0:02:30]} 5. Nbd2 {[%emt 0:00:30]} Nbd7 {[%emt 0:03:30]} 6. e3 {[%emt 0:02:30]} h6 {[%emt 0:00:30]} 7. Bf4 {[%emt 0:05:30]} b6 {[%emt 0:05:30]} 8. Bd3 {[%emt 0:01:30]} Bb7 {[%emt 0:01:30]} 9. Ne5 {[%emt 0:01:30]} Nxe5 {[%emt 0:04:30]} 10. dxe5 {[%emt 0:01:30]} Nd7 {[%emt 0:00:30]} 11. h4 {[%emt 0:06:30]} Bxh4 {[%emt 0:08:30]} 12. b4 {[%emt 0:46:30]} (12. Bc2 $15) 12... Bg5 {[%emt 0:04:30]} 13. Qg4 {[%emt 0:04:30]} Bxf4 {[%emt 0:02:30]} 14. exf4 {[%emt 0:00:30]} Qe7 $17 {[%emt 0:04:30]} 15. Qxg7 {[%emt 0:01:30]} O-O-O {[%emt 0:00:00]} 16. Rxh6 {[%emt 0:01:30]} Rhg8 {[%emt 0:01:00]} 17. Qh7 {[%emt 0:00:30]} Rxg2 {[%emt 0:02:30]} 18. Be2 {[%emt 0:04:35]} Nf8 {[%emt 0:06:30]} 19. Qc2 {[%emt 0:12:03]} Ng6 {[%emt 0:04:30]} 20. Nf3 {[%emt 0:00:10]} Nxf4 {[%emt 0:01:30]} 21. Bf1 {[%emt 0:00:10]} Rg6 {[%emt 0:01:30]} 22. Rxg6 {[%emt 0:01:12]} Nxg6 {[%emt 0:00:00]} 23. a4 {[%emt 0:00:26]} d4 {[%emt 0:07:00]} 24. Nxd4 {[%emt 0:02:03]} Nxe5 {[%emt 0:00:30]} 25. Qe2 {[%emt 0:01:12]} Rxd4 {[%emt 0:00:30]} 26. Qxe5 {[%emt 0:00:35]} Re4+ {[%emt 0:00:30]} 0-1

[Event "World Junior U20 Girls 2018"]
[Site "Gebze"]
[Date "2018.09.10"]
[Round "6"]
[White "Tian, Shi Yuan"]
[Black "Catal, Uktenur"]
[Result "0-1"]
[WhiteElo "1923"]
[BlackElo "1809"]
[Annotator "NA"]
[PlyCount "132"]
[EventDate "2018.09.05"]
[EventType "swiss"]
[EventCountry "TUR"]
[SourceTitle "playchess.com"]
[Source "ChessBase"]
[SourceQuality "1"]
[TimeControl "40/5400+30:1800+30"]

1. d4 {[%emt 0:00:30]} e6 {[%emt 0:00:30]} 2. c4 {[%emt 0:00:30]} d5 {[%emt 0:00:30]} 3. Nc3 {[%emt 0:00:30]} c5 {[%emt 0:00:30]} 4. cxd5 {[%emt 0:00:00]} exd5 {[%emt 0:00:00]} 5. Nf3 {[%emt 0:00:00]} Nf6 {[%emt 0:00:00]} 6. g3 {[%emt 0:00:30]} Nc6 {[%emt 0:00:00]} 7. Bg2 {[%emt 0:00:00]} Be7 {[%emt 0:00:00]} 8. O-O {[%emt 0:00:00]} O-O {[%emt 0:00:00]} 9. Bg5 {[%emt 0:00:00]} cxd4 {[%emt 0:00:00]} 10. Nxd4 {[%emt 0:00:00]} h6 {[%emt 0:00:00]} 11. Be3 {[%emt 0:00:30]} Re8 {[%emt 0:00:00]} 12. Rc1 {[%emt 0:00:30]} Bf8 {[%emt 0:00:00]} 13. Nxc6 {[%emt 0:00:30]} bxc6 {[%emt 0:00:00]} 14. Na4 {[%emt 0:00:00]} Bd7 {[%emt 0:00:00]} 15. Bc5 {[%emt 0:05:00]} Bxc5 {[%emt 0:00:00]} 16. Nxc5 {[%emt 0:00:30]} Bg4 {[%emt 0:00:00]} 17. Re1 {[%emt 0:00:30]} Qa5 {[%emt 0:01:00]} 18. Qc2 {[%emt 0:02:30] D34: Tarrasch Defence: 6 g3 Nf6 7 Bg2 Be7} Rab8 {[%emt 0:04:30]} 19. b3 {[%emt 0:01:30]} Re7 {[%emt 0:24:30] [#]} 20. Bf1 $146 {[%emt 0:19:30]} ({Predecessor:} 20. h3 Bh5 21. Nd3 Bg6 22. Qc5 Qxc5 23. Nxc5 {½-½ (44) Ribli,Z (2610)-Lobron,E (2535) Germany 1990}) 20... Rbe8 {[%emt 0:01:30]} 21. Qb2 {[%emt 0:02:30]} Qb6 {[%emt 0:10:30]} 22. e3 {[%emt 0:06:30]} Nd7 {[%emt 0:08:30]} 23. Nxd7 {[%emt 0:01:30]} Bxd7 {[%emt 0:00:30]} 24. Red1 {[%emt 0:02:30]} a5 {[%emt 0:02:30]} 25. Qc3 {[%emt 0:17:30]} Re4 {[%emt 0:05:30]} 26. Bg2 {[%emt 0:13:30]} Rb4 {[%emt 0:07:30]} 27. h3 {[%emt 0:03:30]} Ra8 {[%emt 0:02:30]} 28. Rd4 {[%emt 0:05:32]} Rxd4 {[%emt 0:01:30]} 29. Qxd4 {[%emt 0:00:01]} Qxd4 {[%emt 0:00:30]} 30. exd4 {[%emt 0:00:01]} Rb8 {[%emt 0:07:30]} 31. g4 {[%emt 0:01:37]} Rb4 {[%emt 0:00:30]} 32. Rd1 {[%emt 0:00:12]} a4 {[%emt 0:03:30]} 33. bxa4 {[%emt 0:00:21]} Rxa4 {[%emt 0:00:00]} 34. Rd2 {[%emt 0:00:30]} Kf8 {[%emt 0:00:00]} 35. Bf3 {[%emt 0:01:50]} Ke7 {[%emt 0:00:00]} 36. Bd1 {[%emt 0:00:00]} Ra3 {[%emt 0:01:00]} 37. Bb3 {[%emt 0:00:09]} Kd6 {[%emt 0:00:00]} 38. Kg2 {[%emt 0:00:51]} g5 {[%emt 0:02:00]} 39. f4 {[%emt 0:01:34]} f6 {[%emt 0:00:30]} 40. Rf2 {[%emt 0:00:00]} Ke7 {[%emt 0:00:00]} 41. Kf3 {[%emt 0:11:22]} Ra8 {[%emt 0:04:00]} 42. Kg3 {[%emt 0:02:30]} Rf8 {[%emt 0:01:30]} 43. f5 {[%emt 0:06:30]} Kd6 {[%emt 0:00:30]} 44. Kf3 {[%emt 0:00:30]} Re8 {[%emt 0:02:30]} 45. Bc2 {[%emt 0:10:29]} c5 {[%emt 0:01:30]} 46. dxc5+ {[%emt 0:00:42]} Kxc5 {[%emt 0:00:30]} 47. Bb3 {[%emt 0:01:16]} Re5 {[%emt 0:00:30]} 48. Rd2 $15 {[%emt 0:02:10]} Bb5 {[%emt 0:02:30]} 49. Kf2 {[%emt 0:00:56]} d4 {[%emt 0:08:30]} 50. Be6 {[%emt 0:01:13]} Re3 {[%emt 0:00:30]} 51. Rc2+ {[%emt 0:01:37]} Rc3 {[%emt 0:00:30]} 52. Rxc3+ {[%emt 0:01:29]} dxc3 {[%emt 0:00:00]} 53. Ke3 {[%emt 0:00:22]} Bf1 {[%emt 0:00:00]} 54. Bb3 {[%emt 0:00:32]} Bxh3 {[%emt 0:01:30]} 55. Bd1 {[%emt 0:00:27]} Bf1 {[%emt 0:00:30]} 56. a4 {[%emt 0:00:25]} Bc4 {[%emt 0:00:30]} 57. a5 {[%emt 0:00:53]} Kb4 {[%emt 0:00:30]} 58. Kd4 {[%emt 0:00:28]} Bf1 {[%emt 0:00:30]} 59. Kd5 {[%emt 0:01:02]} Be2 {[%emt 0:00:30]} 60. Bc2 {[%emt 0:00:37]} Kxa5 {[%emt 0:01:30]} 61. Ke6 {[%emt 0:00:13]} Bxg4 {[%emt 0:00:00]} 62. Kxf6 {[%emt 0:00:02]} Kb4 {[%emt 0:01:00]} 63. Kg6 {[%emt 0:00:51]} Bxf5+ {[%emt 0:00:00]} 64. Bxf5 {[%emt 0:03:23]} Ka3 {[%emt 0:00:00]} 65. Kxh6 {[%emt 0:00:34]} g4 {[%emt 0:00:30]} 66. Bxg4 {[%emt 0:02:17]} c2 {[%emt 0:00:30]} 0-1